Statistics for Marvel Characters Word Chain #1

Click here to take the quiz!

General Stats

  • This quiz has been taken 24 times
  • The average score is 11 of 15

Answer Stats

HintAnswer% Correct
Adopted son of Odin who is the trickster godLoki
100%
Expert archer and swordsman and an AvengerHawkeye
96%
Blue-skinned sister of GamoraNebula
96%
20th century Guardian of the Galaxy who is a modified raccoon{Rocket} Raccoon
96%
Genius inventor who created a suit of armour for himself after he was capturedIron Man
91%
The last name of mad genius Doctor OctopusOctavius
91%
Twin sister of QuicksilverScarlet Witch
91%
Her blood was contaminated by her cousin the Hulk’sShe-Hulk
83%
Deaf superhero with enhanced aglity and mimicry masteryEcho
65%
Time-traveller who was advanced firearms and calls himself the ConquerorKang
61%
Eternal who is Sersi’s ex-love interestIkaris
52%
Sakaaran resident who has a rock-like formationKorg
52%
Female version of Deadpool who wears a white and pink suitGwenpool
43%
Elder of the universe whose real name is En Dwi GastGrandmaster
30%
31st century Guardian of the Galaxy who id a native of MercuryNikki
9%

Score Distribution

Percentile by Number Answered

Percent of People with Each Score

Your Score History

You have not taken this quiz